Statistics for Nearest Capital City #2

Click here to take the quiz!

General Stats

  • This quiz has been taken 26,829 times
  • The average score is 12 of 20

Answer Stats

CityNearest Capital% Correct
New York CityWashington D.C.
97%
NaplesRome
96%
MumbaiNew Delhi
91%
Los AngelesMexico City
90%
New OrleansHavana
76%
GdanskWarsaw
69%
St. Petersburg (Russia)Helsinki
67%
PortoLisbon
59%
AnchorageOttawa
58%
MiamiNassau
57%
BilbaoMadrid
54%
Hong KongTaipei
54%
KolkataDhaka
50%
FrankfurtLuxembourg
46%
VladivostokPyongyang
44%
PerthDili
41%
Palma de MallorcaAlgiers
39%
Ho Chi Minh CityPhnom Penh
38%
BangaloreSri Jayawardenepura Kotte
31%
KarachiMuscat
19%

Score Distribution

Percentile by Number Answered

Percent of People with Each Score

Your Score History

You have not taken this quiz